Examen de varios submarinos comparados con "El Peral" (Record no. 98903)

MARC details
000 -LEADER
campo de control de longitud fija 00643nam a22001935i 4500
001 - NÚMERO DE CONTROL
campo de control 98903
003 - IDENTIFICADOR DE NÚMERO DE CONTROL
campo de control ES-MaACL
005 - FECHA Y HORA DE LA ÚLTIMA TRANSACCIÓN
campo de control 20230906182412.0
007 - CAMPO FIJO DE DESCRIPCIÓN FÍSICA--INFORMACIÓN GENERAL
campo de control de longitud fija t|
008 - DATOS DE LONGITUD FIJA--INFORMACIÓN GENERAL
campo de control de longitud fija 950919s1891 sp ||||1| spa d
040 ## - FUENTE DE CATALOGACIÓN
Centro catalogador/agencia de origen CAM
Lengua de catalogación spa
Centro/agencia transcriptor CAM
100 1# - ENTRADA PRINCIPAL--NOMBRE DE PERSONA
Nombre de persona Echegaray, José,
Fechas asociadas al nombre 1832-1916
9 (RLIN) 46526
245 10 - MENCIÓN DEL TÍTULO
Título Examen de varios submarinos comparados con "El Peral"
Resto del título : colección de artículos publicados en "El Heraldo de Madrid" /
Mención de responsabilidad, etc. por José Echegaray.
260 ## - PUBLICACIÓN, DISTRIBUCIÓN, ETC.
Lugar de publicación, distribución, etc. Madrid :
Nombre del editor, distribuidor, etc. [s.n.],
Fecha de publicación, distribución, etc. 1891 (
Fabricante Impr. de José M. Ducazcal)
300 ## - DESCRIPCIÓN FÍSICA
Extensión 104 p. ;
Dimensiones 25 cm.
650 #4 - PUNTO DE ACCESO ADICIONAL DE MATERIA--TÉRMINO DE MATERIA
Término de materia o nombre geográfico como elemento de entrada Submarinos.
9 (RLIN) 155749
852 ## - LOCALIZACIÓN
Ubicación ES-MaACL
Número de control de estantería T-850-F-1
Holdings
Estatus retirado Estado de pérdida Estado de daño No para préstamo Colección Biblioteca de origen Biblioteca actual Ubicación en estantería Fecha de adquisición Fuente de adquisición Total de préstamos Signatura topográfica completa Código de barras Visto por última vez Precio de reemplazo Tipo de ítem Koha
        Colección de folletos Biblioteca del Ateneo de Madrid Biblioteca del Ateneo de Madrid Depósito folletos 17/01/2008     T-850-F-1 1103264 23/02/2023 23/02/2023 Folleto